Streets Won't Forget (random footballers) - Statistics

General Stats
  • This quiz has been taken 63 times
  • The average score is 11 of 16
Answer Stats
Picture Answer % Correct
Marcos Alonso
93%
Ilkay Gundogan
79%
Per Mertesacker
77%
Christian Benteke
71%
Mehdi Benatia
70%
Adel Taarabt
68%
Gael Clichy
68%
Javi Martinez
68%
Juanfran
66%
Marc Bartra
64%
Carlos Bacca
63%
Ezequiel Lavezzi
61%
Fabio Coentrão
61%
Anderson
59%
Gary Medel
57%
DeAndre Yedlin
27%
No matching quizzes found
Score Distribution
Percent of People with Each Score
Percentile by Number Answered
Your Score History
You have not taken this quiz